000 00644cam a22002052 4500
001 0000023324
005 20151021151143.0
008 121112s xx 000 0 eng d
020 _a0071220712 :
040 _aKABU
_cKABU
050 0 _aHF5635
_b.F95 2011
245 1 0 _aFundamental financial accounting concepts /
_cThomas P. Edmonds, ... [et al.]
250 _a7th ed.
260 _aBoston, Massachusetts :
_bIrwin/McGraw-Hill,
_c2011.
300 _axxxii, 773 p.
650 0 _aAccounting.
_@0000148321
700 1 _dEdmonds, Thomas P.
852 1 _9p3,604 KES
908 _a121112
999 _c1290
_d1290